[Event "DVM U20 2021"]
[Site "Kiel GER"]
[Date "2022.07.23"]
[Round "2"]
[White "Suvorov, Luca"]
[Black "Meiwes, Thore"]
[Result "1-0"]
[Termination "normal"]
[Board "2.2"]
[WhiteTitle "FM"]
[WhiteElo "2308"]
[BlackElo "2105"]
[WhiteClock "00:02:03"]
[BlackClock "00:43:46"]
[WhiteTeam "Schachgemeinschaft Porz e. V."]
[BlackTeam "SK Lehrte von 1919 e. V."]
[PlyCount "73"]
[WhiteFideId "12977071"]
[BlackFideId "16201256"]
[EventCountry "GER"]
[EventRounds "7"]
[EventType "team-swiss"]
[EventDate "2022.07.22"]

1. d4 {[%clk 01:30:59]} Nf6 {[%clk 01:30:55]} {[%emt 00:00:06]} 2. c4 {[%clk
01:31:13]} {[%emt 00:00:15]} e6 {[%clk 01:31:19]} {[%emt 00:00:06]} 3. Nf3
{[%clk 01:31:38]} {[%emt 00:00:04]} d5 {[%clk 01:31:41]} {[%emt 00:00:09]} 4.
Nc3 {[%clk 01:32:00]} {[%emt 00:00:08]} Bb4 {[%clk 01:32:06]} {[%emt 00:00:05]}
5. cxd5 {[%clk 01:32:01]} {[%emt 00:00:29]} exd5 {[%clk 01:32:30]} {[%emt
00:00:06]} 6. Bg5 {[%clk 01:32:16]} {[%emt 00:00:16]} h6 {[%clk 01:32:53]}
{[%emt 00:00:07]} 7. Bh4 {[%clk 01:32:04]} {[%emt 00:00:42]} c5 {[%clk
01:33:12]} {[%emt 00:00:10]} 8. dxc5 {[%clk 01:30:27]} {[%emt 00:02:07]} Nbd7
{[%clk 01:33:35]} {[%emt 00:00:07]} 9. e3 {[%clk 01:13:16]} {[%emt 00:17:41]}
Qa5 {[%clk 01:33:46]} {[%emt 00:00:19]} 10. Nd2 {[%clk 01:07:28]} {[%emt
00:06:17]} O-O {[%clk 01:30:11]} {[%emt 00:04:05]} 11. Be2 {[%clk 01:00:16]}
{[%emt 00:07:43]} Re8 {[%clk 01:23:16]} {[%emt 00:07:26]} 12. O-O {[%clk
00:53:15]} {[%emt 00:07:31]} g5 {[%clk 01:21:59]} {[%emt 00:01:46]} 13. Bg3
{[%clk 00:53:17]} {[%emt 00:00:28]} Nxc5 {[%clk 01:21:51]} {[%emt 00:00:37]}
14. Nb3 {[%clk 00:40:49]} {[%emt 00:12:59]} Qd8 {[%clk 01:17:19]} {[%emt
00:05:01]} 15. Nb5 {[%clk 00:34:03]} {[%emt 00:07:17]} Nce4 {[%clk 01:14:10]}
{[%emt 00:03:39]} 16. Rc1 {[%clk 00:32:25]} {[%emt 00:02:08]} Nxg3 {[%clk
01:11:56]} {[%emt 00:02:44]} 17. hxg3 {[%clk 00:31:02]} {[%emt 00:01:54]} Bd6
{[%clk 01:11:59]} {[%emt 00:00:26]} 18. Nxd6 {[%clk 00:27:02]} {[%emt
00:04:30]} Qxd6 {[%clk 01:12:27]} {[%emt 00:00:02]} 19. Qd4 {[%clk 00:27:23]}
{[%emt 00:00:09]} b6 {[%clk 01:04:49]} {[%emt 00:08:08]} 20. Rfd1 {[%clk
00:19:18]} {[%emt 00:08:36]} Bb7 {[%clk 01:04:12]} {[%emt 00:01:05]} 21. Bf3
{[%clk 00:18:31]} {[%emt 00:01:18]} Qe7 {[%clk 01:01:11]} {[%emt 00:03:30]} 22.
Qa4 {[%clk 00:17:32]} {[%emt 00:01:30]} Ne4 {[%clk 00:59:14]} {[%emt 00:02:27]}
23. Bxe4 {[%clk 00:09:50]} {[%emt 00:08:12]} Qxe4 {[%clk 00:59:01]} {[%emt
00:00:43]} 24. Nd4 {[%clk 00:09:55]} {[%emt 00:00:25]} Qe7 {[%clk 00:56:04]}
{[%emt 00:03:26]} 25. Nf5 {[%clk 00:08:06]} {[%emt 00:02:19]} Qe6 {[%clk
00:55:30]} {[%emt 00:01:05]} 26. g4 {[%clk 00:08:04]} {[%emt 00:00:33]} Rec8
{[%clk 00:54:07]} {[%emt 00:01:51]} 27. Rxc8+ {[%clk 00:04:38]} {[%emt
00:03:57]} Bxc8 {[%clk 00:52:57]} {[%emt 00:01:40]} 28. Rxd5 {[%clk 00:02:46]}
{[%emt 00:02:23]} Qf6 {[%clk 00:52:44]} {[%emt 00:00:42]} 29. Rd6 {[%clk
00:02:29]} {[%emt 00:00:47]} Be6 {[%clk 00:52:38]} {[%emt 00:00:36]} 30. Qc6
{[%clk 00:00:53]} {[%emt 00:02:06]} Rf8 {[%clk 00:49:43]} {[%emt 00:03:25]} 31.
Nd4 {[%clk 00:00:38]} {[%emt 00:00:46]} h5 {[%clk 00:46:50]} {[%emt 00:03:22]}
32. gxh5 {[%clk 00:00:43]} {[%emt 00:00:25]} g4 {[%clk 00:47:19]} 33. g3 {[%clk
00:00:38]} {[%emt 00:00:35]} Kg7 {[%clk 00:44:23]} {[%emt 00:03:27]} 34. Qe4
{[%clk 00:00:55]} {[%emt 00:00:12]} Rd8 {[%clk 00:43:37]} {[%emt 00:01:17]} 35.
Rxd8 {[%clk 00:01:15]} {[%emt 00:00:08]} Qxd8 {[%clk 00:44:06]} {[%emt
00:00:02]} 36. Qxe6 {[%clk 00:01:38]} {[%emt 00:00:07]} Qxd4 {[%clk 00:43:46]}
{[%emt 00:00:48]} 37. h6+ {[%clk 00:02:03]} {[%emt 00:00:07]} 1-0

[Event "DVM U20 2021"]
[Site "Kiel GER"]
[Date "2022.07.23"]
[Round "2"]
[White "Dornieden, Jonas"]
[Black "Gallasch, Jonas"]
[Result "0-1"]
[Termination "normal"]
[Board "2.3"]
[WhiteElo "2044"]
[BlackElo "2108"]
[WhiteClock "00:01:01"]
[BlackClock "00:01:31"]
[WhiteTeam "SK Lehrte von 1919 e. V."]
[BlackTeam "Schachgemeinschaft Porz e. V."]
[PlyCount "60"]
[WhiteFideId "1336460"]
[BlackFideId "16222474"]
[EventCountry "GER"]
[EventRounds "7"]
[EventType "team-swiss"]
[EventDate "2022.07.22"]

1. e4 {[%clk 01:30:57]} {[%emt 00:00:03]} c6 {[%clk 01:30:38]} {[%emt
00:00:23]} 2. Nf3 {[%clk 01:31:20]} {[%emt 00:00:07]} d5 {[%clk 01:31:03]}
{[%emt 00:00:05]} 3. d3 {[%clk 01:31:44]} {[%emt 00:00:06]} Bg4 {[%clk
01:31:28]} {[%emt 00:00:04]} 4. h3 {[%clk 01:32:08]} {[%emt 00:00:06]} Bh5
{[%clk 01:31:52]} {[%emt 00:00:06]} 5. g4 {[%clk 01:32:19]} {[%emt 00:00:20]}
Bg6 {[%clk 01:32:16]} {[%emt 00:00:06]} 6. h4 {[%clk 01:30:51]} {[%emt
00:01:58]} dxe4 {[%clk 01:25:39]} {[%emt 00:07:07]} 7. h5 {[%clk 01:30:03]}
{[%emt 00:01:18]} exf3 {[%clk 01:16:55]} {[%emt 00:09:14]} 8. hxg6 {[%clk
01:29:24]} {[%emt 00:01:08]} fxg6 {[%clk 01:12:18]} {[%emt 00:05:08]} 9. g5
{[%clk 01:27:29]} {[%emt 00:02:24]} e6 {[%clk 01:09:15]} {[%emt 00:03:34]} 10.
Qxf3 {[%clk 01:13:48]} {[%emt 00:14:10]} Ne7 {[%clk 01:00:10]} {[%emt
00:09:36]} 11. Nc3 {[%clk 00:59:54]} {[%emt 00:14:24]} Nf5 {[%clk 00:53:59]}
{[%emt 00:06:40]} 12. Qe4 {[%clk 00:54:02]} {[%emt 00:06:22]} Be7 {[%clk
00:46:48]} {[%emt 00:07:41]} 13. Qg4 {[%clk 00:36:09]} {[%emt 00:18:24]} Nd7
{[%clk 00:44:01]} {[%emt 00:03:17]} 14. Bf4 {[%clk 00:32:52]} {[%emt 00:03:46]}
e5 {[%clk 00:34:34]} {[%emt 00:09:57]} 15. Bd2 {[%clk 00:32:56]} {[%emt
00:00:27]} Qb6 {[%clk 00:34:21]} {[%emt 00:00:43]} 16. Rh2 {[%clk 00:27:20]}
{[%emt 00:06:05]} Qxb2 {[%clk 00:26:23]} {[%emt 00:08:29]} 17. Rb1 {[%clk
00:26:22]} {[%emt 00:01:27]} Qa3 {[%clk 00:26:45]} {[%emt 00:00:08]} 18. Rb3
{[%clk 00:19:48]} {[%emt 00:07:04]} Qc5 {[%clk 00:21:31]} {[%emt 00:05:45]} 19.
Rxb7 {[%clk 00:19:13]} {[%emt 00:01:04]} Rb8 {[%clk 00:19:09]} {[%emt
00:02:52]} 20. Rxb8+ {[%clk 00:18:15]} {[%emt 00:01:28]} Nxb8 {[%clk 00:19:38]}
{[%emt 00:00:01]} 21. Bg2 {[%clk 00:15:21]} {[%emt 00:03:24]} Qd6 {[%clk
00:11:01]} {[%emt 00:09:07]} 22. Be4 {[%clk 00:12:54]} {[%emt 00:02:57]} Qe6
{[%clk 00:11:01]} {[%emt 00:00:31]} 23. Qd1 {[%clk 00:05:35]} {[%emt 00:07:49]}
Nd4 {[%clk 00:07:03]} {[%emt 00:04:28]} 24. Qb1 {[%clk 00:04:53]} {[%emt
00:01:12]} O-O {[%clk 00:06:51]} {[%emt 00:00:42]} 25. Be3 {[%clk 00:04:24]}
{[%emt 00:00:58]} Na6 {[%clk 00:03:40]} {[%emt 00:03:41]} 26. Ne2 {[%clk
00:02:57]} {[%emt 00:01:57]} Rb8 {[%clk 00:00:46]} {[%emt 00:03:25]} 27. Qd1
{[%clk 00:01:12]} {[%emt 00:02:14]} Qxa2 {[%clk 00:00:53]} {[%emt 00:00:24]}
28. Nc3 {[%clk 00:01:03]} {[%emt 00:00:39]} Bb4 {[%clk 00:00:41]} {[%emt
00:00:42]} 29. Bd2 {[%clk 00:00:37]} {[%emt 00:00:55]} Bxc3 {[%clk 00:01:04]}
{[%emt 00:00:08]} 30. Bxc3 {[%clk 00:01:01]} {[%emt 00:00:06]} Rb1 {[%clk
00:01:31]} {[%emt 00:00:03]} 0-1

[Event "DVM U20 2021"]
[Site "Kiel GER"]
[Date "2022.07.23"]
[Round "2"]
[White "Perkampus, Laurin"]
[Black "Reimer, Philip"]
[Result "1-0"]
[Termination "normal"]
[Board "2.4"]
[WhiteElo "2069"]
[BlackElo "2001"]
[WhiteClock "00:01:15"]
[BlackClock "00:02:11"]
[WhiteTeam "Schachgemeinschaft Porz e. V."]
[BlackTeam "SK Lehrte von 1919 e. V."]
[PlyCount "69"]
[WhiteFideId "16232283"]
[BlackFideId "16235860"]
[EventCountry "GER"]
[EventRounds "7"]
[EventType "team-swiss"]
[EventDate "2022.07.22"]

1. d4 {[%clk 01:30:58]} d5 {[%clk 01:30:50]} {[%emt 00:00:10]} 2. c4 {[%clk
01:31:10]} {[%emt 00:00:18]} e6 {[%clk 01:31:14]} {[%emt 00:00:06]} 3. Nc3
{[%clk 01:31:34]} {[%emt 00:00:06]} a6 {[%clk 01:31:40]} {[%emt 00:00:05]} 4.
cxd5 {[%clk 01:29:40]} {[%emt 00:02:24]} exd5 {[%clk 01:32:03]} {[%emt
00:00:07]} 5. Nf3 {[%clk 01:26:32]} {[%emt 00:03:37]} Nf6 {[%clk 01:32:26]}
{[%emt 00:00:08]} 6. Bg5 {[%clk 01:25:54]} {[%emt 00:01:07]} Be6 {[%clk
01:32:49]} {[%emt 00:00:08]} 7. Bxf6 {[%clk 01:25:36]} {[%emt 00:00:48]} Qxf6
{[%clk 01:32:35]} {[%emt 00:00:43]} 8. Qb3 {[%clk 01:26:01]} {[%emt 00:00:05]}
Ra7 {[%clk 01:32:09]} {[%emt 00:00:56]} 9. g3 {[%clk 01:22:44]} {[%emt
00:03:47]} Qd8 {[%clk 01:15:27]} {[%emt 00:17:12]} 10. h4 {[%clk 01:22:31]}
{[%emt 00:00:44]} c6 {[%clk 01:06:53]} {[%emt 00:09:04]} 11. Ng5 {[%clk
01:17:08]} {[%emt 00:05:53]} Bc8 {[%clk 00:56:55]} {[%emt 00:10:27]} 12. e4
{[%clk 01:06:34]} {[%emt 00:11:04]} h6 {[%clk 00:55:54]} {[%emt 00:01:32]} 13.
Nf3 {[%clk 00:57:16]} {[%emt 00:09:49]} Be6 {[%clk 00:48:49]} {[%emt 00:07:34]}
14. exd5 {[%clk 00:42:58]} {[%emt 00:14:49]} cxd5 {[%clk 00:46:14]} {[%emt
00:03:04]} 15. Bh3 {[%clk 00:35:53]} {[%emt 00:07:36]} Nc6 {[%clk 00:40:45]}
{[%emt 00:05:58]} 16. Kf1 {[%clk 00:29:01]} {[%emt 00:07:23]} Be7 {[%clk
00:36:24]} {[%emt 00:04:50]} 17. Re1 {[%clk 00:25:36]} {[%emt 00:03:55]} Qd7
{[%clk 00:34:49]} {[%emt 00:02:05]} 18. Kg2 {[%clk 00:16:27]} {[%emt 00:09:38]}
O-O {[%clk 00:35:13]} {[%emt 00:00:06]} 19. Bxe6 {[%clk 00:14:36]} {[%emt
00:02:21]} fxe6 {[%clk 00:35:40]} {[%emt 00:00:03]} 20. Ne2 {[%clk 00:11:50]}
{[%emt 00:03:14]} Bd6 {[%clk 00:31:37]} {[%emt 00:04:35]} 21. Nc1 {[%clk
00:08:06]} {[%emt 00:04:14]} Raa8 {[%clk 00:28:36]} {[%emt 00:03:31]} 22. Qe3
{[%clk 00:03:51]} {[%emt 00:04:45]} Rf6 {[%clk 00:19:16]} {[%emt 00:09:51]} 23.
Nd3 {[%clk 00:01:35]} {[%emt 00:02:46]} Raf8 {[%clk 00:10:05]} {[%emt
00:09:41]} 24. Nh2 {[%clk 00:01:25]} {[%emt 00:00:39]} e5 {[%clk 00:07:11]}
{[%emt 00:03:25]} 25. dxe5 {[%clk 00:01:07]} {[%emt 00:00:48]} d4 {[%clk
00:02:19]} {[%emt 00:05:21]} 26. Qe4 {[%clk 00:00:51]} {[%emt 00:00:46]} Bxe5
{[%clk 00:00:50]} {[%emt 00:01:59]} 27. Ng4 {[%emt 00:00:38]} Rf4 {[%clk
00:00:32]} {[%emt 00:00:46]} 28. Ngxe5 {[%clk 00:00:35]} {[%emt 00:00:41]} Nxe5
{[%clk 00:00:36]} {[%emt 00:00:25]} 29. Nxf4 {[%clk 00:00:49]} {[%emt
00:00:16]} Ng4 {[%clk 00:00:34]} {[%emt 00:00:33]} 30. Qe6+ {[%clk 00:01:00]}
{[%emt 00:00:18]} Qxe6 {[%clk 00:01:01]} {[%emt 00:00:03]} 31. Rxe6 {[%clk
00:01:21]} {[%emt 00:00:10]} Kf7 {[%clk 00:01:07]} {[%emt 00:00:23]} 32. Rd6
{[%clk 00:01:39]} {[%emt 00:00:12]} Rc8 {[%clk 00:01:17]} {[%emt 00:00:19]} 33.
Rxd4 {[%clk 00:01:25]} {[%emt 00:00:45]} Rc2 {[%clk 00:01:46]} {[%emt
00:00:01]} 34. Nd3 {[%clk 00:01:27]} {[%emt 00:00:29]} h5 {[%clk 00:02:11]}
{[%emt 00:00:05]} 35. Rc1 {[%clk 00:01:15]} {[%emt 00:00:42]} 1-0

[Event "DVM U20 2021"]
[Site "Kiel GER"]
[Date "2022.07.23"]
[Round "2"]
[White "Weigand, Anton"]
[Black "Mohammadi Nia, Borna"]
[Result "1-0"]
[Termination "normal"]
[Board "2.5"]
[WhiteElo "1919"]
[BlackElo "2129"]
[WhiteClock "00:15:22"]
[BlackClock "00:19:43"]
[WhiteTeam "SK Lehrte von 1919 e. V."]
[BlackTeam "Schachgemeinschaft Porz e. V."]
[PlyCount "117"]
[WhiteFideId "16221915"]
[BlackFideId "16207319"]
[EventCountry "GER"]
[EventRounds "7"]
[EventType "team-swiss"]
[EventDate "2022.07.22"]

1. e4 {[%clk 01:30:51]} {[%emt 00:00:09]} e6 {[%clk 01:30:58]} {[%emt
00:00:03]} 2. d4 {[%clk 01:31:14]} {[%emt 00:00:07]} d5 {[%clk 01:31:25]}
{[%emt 00:00:02]} 3. Bd3 {[%clk 01:31:39]} {[%emt 00:00:06]} dxe4 {[%clk
01:31:52]} {[%emt 00:00:03]} 4. Bxe4 {[%clk 01:32:03]} {[%emt 00:00:06]} Nf6
{[%clk 01:32:19]} {[%emt 00:00:03]} 5. Bf3 {[%clk 01:32:23]} {[%emt 00:00:09]}
c5 {[%clk 01:32:47]} {[%emt 00:00:03]} 6. Ne2 {[%clk 01:32:40]} {[%emt
00:00:12]} Nc6 {[%clk 01:33:15]} {[%emt 00:00:03]} 7. Be3 {[%clk 01:33:02]}
{[%emt 00:00:07]} e5 {[%clk 01:33:15]} {[%emt 00:00:30]} 8. Bxc6+ {[%clk
01:33:22]} {[%emt 00:00:10]} bxc6 {[%clk 01:33:43]} {[%emt 00:00:03]} 9. dxe5
{[%clk 01:33:43]} {[%emt 00:00:09]} Qxd1+ {[%clk 01:34:09]} {[%emt 00:00:03]}
10. Kxd1 {[%clk 01:34:07]} {[%emt 00:00:07]} Ng4 {[%clk 01:34:38]} {[%emt
00:00:01]} 11. Nd2 {[%clk 01:34:28]} {[%emt 00:00:09]} Nxe3+ {[%clk 01:35:05]}
{[%emt 00:00:03]} 12. fxe3 {[%clk 01:34:43]} {[%emt 00:00:15]} g6 {[%clk
01:33:55]} {[%emt 00:01:40]} 13. Nf4 {[%clk 01:33:13]} {[%emt 00:02:00]} Bg4+
{[%clk 01:28:01]} {[%emt 00:06:24]} 14. Ke1 {[%clk 01:25:14]} {[%emt 00:08:27]}
O-O-O {[%clk 01:25:43]} {[%emt 00:02:49]} 15. Rf1 {[%clk 01:17:04]} {[%emt
00:08:40]} Be7 {[%clk 01:18:51]} {[%emt 00:07:22]} 16. Nd3 {[%clk 01:03:53]}
{[%emt 00:13:36]} Bf5 {[%clk 01:12:39]} {[%emt 00:06:47]} 17. e4 {[%clk
00:58:00]} {[%emt 00:06:23]} Be6 {[%clk 01:12:57]} {[%emt 00:00:11]} 18. b3
{[%clk 00:56:56]} {[%emt 00:01:36]} Rd4 {[%clk 01:06:35]} {[%emt 00:06:52]} 19.
Nf2 {[%clk 00:45:23]} {[%emt 00:12:00]} Rhd8 {[%clk 00:58:01]} {[%emt
00:09:06]} 20. Nf3 {[%clk 00:44:31]} {[%emt 00:01:22]} R4d7 {[%clk 00:57:50]}
{[%emt 00:00:41]} 21. c4 {[%clk 00:38:41]} {[%emt 00:06:21]} a5 {[%clk
00:50:24]} {[%emt 00:07:56]} 22. Ke2 {[%clk 00:37:42]} {[%emt 00:01:28]} a4
{[%clk 00:45:32]} {[%emt 00:05:22]} 23. Rfd1 {[%clk 00:36:31]} {[%emt
00:01:41]} Rb7 {[%clk 00:44:17]} {[%emt 00:01:46]} 24. Rxd8+ {[%clk 00:36:47]}
{[%emt 00:00:14]} Bxd8 {[%clk 00:43:49]} {[%emt 00:00:58]} 25. Nd3 {[%clk
00:21:38]} {[%emt 00:15:38]} axb3 {[%clk 00:40:46]} {[%emt 00:03:33]} 26. axb3
{[%clk 00:21:55]} {[%emt 00:00:13]} Rxb3 {[%emt 00:01:34]} 27. Ra8+ {[%clk
00:22:13]} Rb8 {[%clk 00:40:16]} {[%emt 00:00:08]} 28. Rxb8+ {[%clk 00:22:19]}
{[%emt 00:00:24]} Kxb8 {[%clk 00:40:42]} {[%emt 00:00:04]} 29. Nb2 {[%clk
00:20:42]} {[%emt 00:02:03]} Kc7 {[%clk 00:37:40]} {[%emt 00:03:35]} 30. Kd3
{[%clk 00:20:44]} {[%emt 00:00:27]} Kd7 {[%clk 00:37:23]} {[%emt 00:00:49]} 31.
Na4 {[%clk 00:16:31]} {[%emt 00:04:43]} Be7 {[%clk 00:35:56]} {[%emt 00:01:57]}
32. h3 {[%clk 00:14:24]} {[%emt 00:02:37]} h5 {[%clk 00:34:16]} {[%emt
00:02:10]} 33. Nd2 {[%clk 00:11:26]} {[%emt 00:03:26]} Kc7 {[%clk 00:27:29]}
{[%emt 00:07:19]} 34. Nb3 {[%clk 00:11:44]} {[%emt 00:00:11]} Bc8 {[%clk
00:24:56]} {[%emt 00:03:03]} 35. Nbxc5 {[%clk 00:11:23]} {[%emt 00:00:52]} g5
{[%clk 00:21:15]} {[%emt 00:04:11]} 36. Nb3 {[%clk 00:04:56]} {[%emt 00:06:55]}
g4 {[%clk 00:20:35]} {[%emt 00:01:12]} 37. hxg4 {[%clk 00:05:10]} {[%emt
00:00:16]} Bxg4 {[%clk 00:21:03]} {[%emt 00:00:01]} 38. Nd4 {[%clk 00:05:05]}
{[%emt 00:00:34]} Kd7 {[%clk 00:12:23]} {[%emt 00:09:13]} 39. Nb6+ {[%clk
00:04:49]} {[%emt 00:00:45]} Kc7 {[%clk 00:12:52]} {[%emt 00:00:01]} 40. Na4
{[%clk 00:05:06]} {[%emt 00:00:12]} Kd7 {[%clk 00:13:20]} {[%emt 00:00:03]} 41.
Nc3 {[%clk 00:29:06]} {[%emt 00:06:29]} h4 {[%clk 00:41:33]} {[%emt 00:02:17]}
42. Nf5 {[%clk 00:23:38]} {[%emt 00:05:57]} Bg5 {[%clk 00:38:05]} {[%emt
00:04:00]} 43. Ne3 {[%clk 00:23:04]} {[%emt 00:01:03]} Bxe3 {[%clk 00:30:40]}
{[%emt 00:07:55]} 44. Kxe3 {[%clk 00:23:17]} {[%emt 00:00:18]} h3 {[%clk
00:30:58]} {[%emt 00:00:12]} 45. gxh3 {[%clk 00:23:41]} {[%emt 00:00:05]} Bxh3
{[%clk 00:31:14]} {[%emt 00:00:14]} 46. c5 {[%clk 00:23:36]} {[%emt 00:00:35]}
Ke6 {[%clk 00:30:37]} {[%emt 00:01:08]} 47. Kf4 {[%clk 00:23:49]} {[%emt
00:00:16]} Bf1 {[%clk 00:30:47]} {[%emt 00:00:20]} 48. Nd1 {[%clk 00:22:53]}
{[%emt 00:01:21]} Bd3 {[%clk 00:28:26]} {[%emt 00:02:55]} 49. Ne3 {[%clk
00:22:18]} {[%emt 00:01:05]} Bb5 {[%clk 00:26:20]} {[%emt 00:02:38]} 50. Nc2
{[%clk 00:21:36]} {[%emt 00:01:09]} Kd7 {[%clk 00:25:31]} {[%emt 00:01:22]} 51.
Nd4 {[%clk 00:20:23]} {[%emt 00:01:42]} Bd3 {[%clk 00:20:30]} {[%emt 00:05:31]}
52. Kf5 {[%clk 00:18:52]} {[%emt 00:02:00]} Bc4 {[%clk 00:19:38]} {[%emt
00:01:24]} 53. Kf6 {[%clk 00:18:50]} {[%emt 00:00:31]} Ba2 {[%clk 00:19:39]}
{[%emt 00:00:29]} 54. Nf3 {[%clk 00:15:44]} {[%emt 00:03:37]} Kd8 {[%clk
00:18:25]} {[%emt 00:01:44]} 55. Ng5 {[%clk 00:15:00]} {[%emt 00:01:13]} Ke8
{[%clk 00:18:46]} {[%emt 00:00:09]} 56. e6 {[%clk 00:14:55]} {[%emt 00:00:36]}
fxe6 {[%clk 00:19:06]} {[%emt 00:00:11]} 57. Nxe6 {[%clk 00:15:19]} {[%emt
00:00:05]} Kd7 {[%clk 00:19:29]} {[%emt 00:00:07]} 58. Nd4 {[%clk 00:15:37]}
{[%emt 00:00:10]} Kc7 {[%clk 00:19:43]} {[%emt 00:00:18]} 59. e5 {[%clk
00:15:22]} {[%emt 00:00:44]} 1-0

[Event "DVM U20 2021"]
[Site "Kiel GER"]
[Date "2022.07.23"]
[Round "2"]
[White "Sabirov, Rafael"]
[Black "Niemann, Leon"]
[Result "1-0"]
[Termination "normal"]
[Board "2.6"]
[WhiteElo "1777"]
[BlackElo "1741"]
[WhiteClock "00:00:37"]
[BlackClock "00:05:58"]
[WhiteTeam "Schachgemeinschaft Porz e. V."]
[BlackTeam "SK Lehrte von 1919 e. V."]
[PlyCount "59"]
[WhiteFideId "16241185"]
[BlackFideId "16218388"]
[EventCountry "GER"]
[EventRounds "7"]
[EventType "team-swiss"]
[EventDate "2022.07.22"]

1. e4 {[%clk 01:30:59]} c5 {[%clk 01:30:49]} {[%emt 00:00:12]} 2. Nc3 {[%clk
01:31:28]} {[%emt 00:00:01]} e6 {[%clk 01:31:13]} {[%emt 00:00:05]} 3. f4
{[%clk 01:31:31]} {[%emt 00:00:27]} Nc6 {[%clk 01:31:37]} {[%emt 00:00:06]} 4.
Nf3 {[%clk 01:31:25]} {[%emt 00:00:36]} Nge7 {[%clk 01:28:31]} {[%emt
00:03:37]} 5. g3 {[%clk 01:26:56]} {[%emt 00:04:59]} g6 {[%clk 01:28:46]}
{[%emt 00:00:14]} 6. e5 {[%clk 01:19:55]} {[%emt 00:07:31]} d5 {[%clk
01:26:13]} {[%emt 00:03:03]} 7. exd6 {[%clk 01:16:47]} {[%emt 00:03:38]} Nf5
{[%clk 01:26:24]} {[%emt 00:00:19]} 8. Bg2 {[%clk 01:07:14]} {[%emt 00:10:03]}
Bg7 {[%clk 01:12:39]} {[%emt 00:14:16]} 9. O-O {[%clk 01:03:40]} {[%emt
00:04:03]} O-O {[%clk 01:08:49]} {[%emt 00:04:20]} 10. b3 {[%clk 00:58:02]}
{[%emt 00:06:08]} Qxd6 {[%clk 01:04:03]} {[%emt 00:05:16]} 11. Rb1 {[%clk
00:48:47]} {[%emt 00:09:45]} Rd8 {[%clk 00:55:48]} {[%emt 00:08:44]} 12. Ne4
{[%clk 00:46:09]} {[%emt 00:03:09]} Qe7 {[%clk 00:53:36]} {[%emt 00:02:43]} 13.
Re1 {[%clk 00:39:34]} {[%emt 00:07:05]} b6 {[%clk 00:50:55]} {[%emt 00:03:10]}
14. Bb2 {[%clk 00:37:04]} {[%emt 00:03:00]} Nfd4 {[%clk 00:49:17]} {[%emt
00:02:07]} 15. Nxd4 {[%clk 00:27:39]} {[%emt 00:09:56]} Bxd4+ {[%clk 00:49:04]}
{[%emt 00:00:44]} 16. Bxd4 {[%clk 00:27:31]} {[%emt 00:00:38]} Rxd4 {[%clk
00:45:47]} {[%emt 00:03:45]} 17. Qe2 {[%clk 00:25:44]} {[%emt 00:02:18]} Bb7
{[%clk 00:42:05]} {[%emt 00:04:11]} 18. d3 {[%clk 00:24:37]} {[%emt 00:01:38]}
Rad8 {[%clk 00:38:58]} {[%emt 00:03:37]} 19. Qf2 {[%clk 00:23:04]} {[%emt
00:02:03]} h5 {[%clk 00:35:41]} {[%emt 00:03:47]} 20. h3 {[%clk 00:22:24]}
{[%emt 00:01:11]} Kg7 {[%clk 00:34:01]} {[%emt 00:02:09]} 21. g4 {[%clk
00:22:14]} {[%emt 00:00:41]} hxg4 {[%clk 00:33:22]} {[%emt 00:01:08]} 22. hxg4
{[%clk 00:22:39]} {[%emt 00:00:06]} Rh8 {[%clk 00:33:12]} {[%emt 00:00:39]} 23.
f5 {[%clk 00:18:48]} {[%emt 00:04:21]} gxf5 {[%clk 00:27:43]} {[%emt 00:05:59]}
24. gxf5 {[%clk 00:19:08]} {[%emt 00:00:09]} exf5 {[%clk 00:27:32]} {[%emt
00:00:42]} 25. Ng3 {[%clk 00:17:27]} {[%emt 00:02:11]} Qg5 {[%emt 00:08:29]}
26. Nxf5+ {[%clk 00:12:20]} {[%emt 00:00:01]} Kf8 {[%clk 00:25:15]} {[%emt
00:00:24]} 27. Re4 {[%clk 00:09:11]} {[%emt 00:03:39]} Rg8 {[%clk 00:15:13]}
{[%emt 00:10:32]} 28. Rf1 {[%clk 00:05:34]} {[%emt 00:04:07]} Ne5 {[%clk
00:09:06]} {[%emt 00:06:37]} 29. Nxd4 {[%clk 00:00:38]} {[%emt 00:05:26]} Bxe4
{[%clk 00:05:58]} {[%emt 00:03:38]} 30. Ne6+ {[%clk 00:00:37]} {[%emt
00:00:31]} 1-0